Scottish Highland and Lowland League - Statistics

General Stats
  • This quiz has been taken 95 times
  • The average score is 20 of 36
Answer Stats
Answer % Correct
Brora Rangers
83%
Wick Academy
83%
Berwick Rangers
79%
Brechin City
79%
Fraserburgh
79%
East Stirlingshire
71%
Fort William
71%
Nairn County
71%
Clachnacuddin
67%
The Spartans
67%
Forres Mechanics
63%
Gretna 2008
63%
Deveronvale
58%
East Kilbride
58%
Gala Fairydean Rovers
58%
Inverurie Loco Works
58%
Buckie Thistle
54%
Huntly
54%
Strathspey Thistle
54%
Broomhill
50%
Celtic B
50%
Keith
50%
Lossiemouth
50%
University of Stirling
50%
Rangers B
46%
Turriff United
46%
Bonnyrigg Rose Athletic
42%
Cumbernauld Colts
42%
Dalbeattie Star
38%
Edinburgh University
38%
Formartine United
38%
Rothes
38%
Civil Service Strollers
33%
Vale of Leithen
33%
Bo'ness United
25%
Caledonia Braves
13%
No matching quizzes found
Score Distribution
Percent of People with Each Score
Percentile by Number Answered
Your Score History
You have not taken this quiz